[Event "FIDE Chesscom Grand Swiss 2019"]
[Site "Douglas-Isle of Man"]
[Date "2019.10.15"]
[Round "6.29"]
[White "Munguntuul, Batkhuyag"]
[Black "Efimenko, Zahar"]
[Result "1/2-1/2"]
[WhiteElo "2421"]
[BlackElo "2604"]
[Annotator "ChessBase"]
[PlyCount "111"]
[EventDate "2019.10.10"]
[EventType "swiss"]
[EventCountry "GBR"]
[SourceTitle "playchess.com"]
[Source "ChessBase"]
[SourceQuality "1"]
[TimeControl "40/6000+30:20/3000+30:900+30"]

1. e4 {[%emt 0:00:00]} g6 {[%emt 0:00:20]} 2. d4 {[%emt 0:00:00]} Bg7 {[%emt 0:00:11]} 3. Nc3 {[%emt 0:00:53]} d6 {[%emt 0:00:11]} 4. Be3 {[%emt 0:00:24]} a6 {[%emt 0:00:19]} 5. h4 {[%emt 0:00:40]} Nf6 {[%emt 0:01:39]} 6. f3 {[%emt 0:00:16]} Nbd7 {[%emt 0:01:25]} 7. g4 {[%emt 0:04:20]} h6 {[%emt 0:00:41]} 8. Qd2 {[%emt 0:04:43]} b5 {[%emt 0:01:17]} 9. Nge2 {[%emt 0:02:36]} b4 {[%emt 0:17:46]} 10. Na4 {[%emt 0:03:39]} Rb8 {[%emt 0:11:11]} 11. Ng3 {[%emt 0:09:26]} c5 {[%emt 0:02:01]} 12. b3 {[%emt 0:12:12]} Qa5 {[%emt 0:27:25]} 13. Rd1 {[%emt 0:18:29]} cxd4 {[%emt 0:09:12]} 14. Bxd4 {[%emt 0:00:55]} Bb7 {[%emt 0:03:32]} 15. Be2 {[%emt 0:03:13]} e5 {[%emt 0:08:15]} 16. Be3 {[%emt 0:06:01]} d5 {[%emt 0:05:23]} 17. g5 {[%emt 0:01:36]} hxg5 {[%emt 0:00:11]} 18. hxg5 {[%emt 0:00:13]} Rxh1+ {[%emt 0:00:11]} 19. Nxh1 {[%emt 0:00:02]} Ng8 {[%emt 0:00:31]} 20. exd5 {[%emt 0:00:37]} Ne7 {[%emt 0:00:06]} 21. Bc4 {[%emt 0:04:41]} Nf5 {[%emt 0:00:45]} 22. Nf2 {[%emt 0:08:08]} Nd4 {[%emt 0:02:15]} 23. Bxd4 {[%emt 0:09:35]} exd4 {[%emt 0:00:04]} 24. Ne4 {[%emt 0:00:35]} Bxd5 {[%emt 0:01:47]} 25. Nac5 {[%emt 0:05:13]} Bxc4 {[%emt 0:04:06]} 26. Nxd7 {[%emt 0:00:27]} Kxd7 {[%emt 0:00:21]} 27. bxc4 {[%emt 0:00:11]} Qf5 {[%emt 0:02:07]} 28. Kf2 {[%emt 0:05:19]} Be5 {[%emt 0:00:39]} 29. Rh1 {[%emt 0:00:31]} a5 {[%emt 0:00:37]} 30. Qd3 {[%emt 0:04:32]} Ke7 {[%emt 0:00:31]} 31. Rh4 {[%emt 0:01:20]} a4 {[%emt 0:04:22]} 32. c5 {[%emt 0:03:02]} Qe6 {[%emt 0:01:50]} 33. Nd6 {[%emt 0:00:49]} Qd5 {[%emt 0:03:46]} 34. Re4 {[%emt 0:01:32]} Kf8 {[%emt 0:00:45]} 35. Qc4 {[%emt 0:00:09]} Qxc4 {[%emt 0:00:17]} 36. Nxc4 {[%emt 0:00:02]} Bc7 {[%emt 0:00:59]} 37. Rxd4 {[%emt 0:00:15]} Ke7 {[%emt 0:00:47]} 38. Ne3 {[%emt 0:01:37]} Ke6 {[%emt 0:00:33]} 39. Re4+ {[%emt 0:00:19]} Kd7 {[%emt 0:00:19]} 40. Nd5 {[%emt 0:00:05]} Ba5 {[%emt 0:00:27]} 41. Ke3 {[%emt 0:01:57]} Kc6 {[%emt 0:11:12]} 42. Re5 {[%emt 0:02:08]} b3 {[%emt 0:05:23]} 43. cxb3 {[%emt 0:00:04]} axb3 {[%emt 0:00:03]} 44. axb3 {[%emt 0:03:35]} Rxb3+ {[%emt 0:00:30]} 45. Ke4 {[%emt 0:00:12]} Bd2 {[%emt 0:05:04]} 46. Re7 {[%emt 0:03:32]} Kxc5 {[%emt 0:02:49]} 47. f4 {[%emt 0:03:11]} Rb1 {[%emt 0:04:09]} 48. Rxf7 {[%emt 0:01:03]} Re1+ {[%emt 0:01:01]} 49. Kd3 {[%emt 0:00:02]} Kxd5 {[%emt 0:03:49]} 50. Kxd2 {[%emt 0:00:02]} Re4 {[%emt 0:02:41]} 51. Kd3 {[%emt 0:07:23]} Ra4 {[%emt 0:00:44]} 52. Rd7+ {[%emt 0:00:21]} Ke6 {[%emt 0:00:47]} 53. Rd4 {[%emt 0:03:07]} Ra1 {[%emt 0:00:38]} 54. Ke4 {[%emt 0:00:41]} Re1+ {[%emt 0:00:07]} 55. Kf3 {[%emt 0:00:02]} Rf1+ {[%emt 0:00:08]} 56. Ke4 {[%emt 0:01:39]} 1/2-1/2

[Event "FIDE Chesscom Grand Swiss 2019"]
[Site "Douglas-Isle of Man"]
[Date "2019.10.15"]
[Round "6.30"]
[White "Movsesian, Sergei"]
[Black "Sebag, Marie"]
[Result "1/2-1/2"]
[WhiteElo "2654"]
[BlackElo "2445"]
[Annotator "RC"]
[PlyCount "70"]
[EventDate "2019.10.10"]
[EventType "swiss"]
[EventCountry "GBR"]
[SourceTitle "playchess.com"]
[Source "ChessBase"]
[SourceQuality "1"]
[TimeControl "40/6000+30:20/3000+30:900+30"]

1. e4 {[%emt 0:00:00]} c5 {[%emt 0:00:00]} 2. Nc3 {[%emt 0:00:00]} Nc6 {[%emt 0:00:00]} 3. g3 {[%emt 0:00:03]} g6 {[%emt 0:00:23]} 4. Bg2 {[%emt 0:00:06]} Bg7 {[%emt 0:00:24]} 5. d3 {[%emt 0:00:06]} d6 {[%emt 0:00:18]} 6. Be3 {[%emt 0:01:10]} Rb8 {[%emt 0:00:36]} 7. Qd2 {[%emt 0:01:41]} b5 {[%emt 0:02:05]} 8. h3 {[%emt 0:02:18]} b4 {[%emt 0:03:22]} 9. Nd1 {[%emt 0:00:24]} e6 {[%emt 0:02:51]} 10. Nf3 {[%emt 0:06:58]} Nd4 {[%emt 0:13:19]} 11. Nh2 {[%emt 0:00:34]} Qa5 {[%emt 0:03:46]} 12. O-O {[%emt 0:11:17]} Bd7 {[%emt 0:03:37]} 13. a3 {[%emt 0:07:32]} h5 {[%emt 0:13:50]} 14. Bg5 {[%emt 0:11:23]} Qc7 {[%emt 0:14:29]} 15. axb4 {[%emt 0:18:14]} cxb4 {[%emt 0:00:41]} 16. Rc1 {[%emt 0:00:05]} Ne7 {[%emt 0:04:03]} 17. h4 {[%emt 0:00:55]} a5 {[%emt 0:02:52]} 18. Nf3 {[%emt 0:06:44]} Nec6 {[%emt 0:03:42]} 19. Nxd4 {[%emt 0:00:58]} Nxd4 {[%emt 0:00:13]} 20. b3 {[%emt 0:03:50]} Qc5 {[%emt 0:17:35]} 21. Be3 {[%emt 0:04:16]} O-O {[%emt 0:00:31]} 22. f4 {[%emt 0:01:07]} f5 {[%emt 0:07:12]} 23. Qf2 {[%emt 0:02:36]} e5 {[%emt 0:00:25]} 24. Nb2 {[%emt 0:02:11]} Rbc8 {[%emt 0:03:15]} 25. exf5 {[%emt 0:04:05]} Bxf5 {[%emt 0:03:35]} 26. Nc4 {[%emt 0:00:54]} exf4 {[%emt 0:05:09]} 27. gxf4 {[%emt 0:01:07]} Rce8 {[%emt 0:00:20]} 28. Kh1 {[%emt 0:01:45]} Bd7 {[%emt 0:00:30]} 29. Nd2 {[%emt 0:04:58]} Rxe3 {[%emt 0:01:13]} 30. Qxe3 {[%emt 0:00:05]} Nxb3 {[%emt 0:00:14]} 31. d4 {[%emt 0:02:48]} Nxd4 {[%emt 0:00:10]} 32. Ne4 {[%emt 0:00:04]} Qc7 {[%emt 0:02:53]} 33. Ng5 {[%emt 0:04:26]} Nf5 {[%emt 0:00:52]} 34. Qb3+ {[%emt 0:06:13]} Kh8 {[%emt 0:00:04]} 35. Nf7+ {[%emt 0:00:47]} Kh7 {[%emt 0:00:04]} 1/2-1/2

[Event "FIDE Chesscom Grand Swiss 2019"]
[Site "Douglas-Isle of Man"]
[Date "2019.10.15"]
[Round "6.30"]
[White "Puranik, Abhimanyu"]
[Black "Robson, Ray"]
[Result "1/2-1/2"]
[WhiteElo "2571"]
[BlackElo "2670"]
[Annotator "RC"]
[PlyCount "61"]
[EventDate "2019.10.10"]
[EventType "swiss"]
[EventCountry "GBR"]
[SourceTitle "playchess.com"]
[Source "ChessBase"]
[SourceQuality "1"]
[TimeControl "40/6000+30:20/3000+30:900+30"]

1. e4 {[%emt 0:00:00]} c5 {[%emt 0:00:00]} 2. Nf3 {[%emt 0:00:05]} d6 {[%emt 0:00:04]} 3. d4 {[%emt 0:00:14]} cxd4 {[%emt 0:00:15]} 4. Nxd4 {[%emt 0:00:05]} Nf6 {[%emt 0:00:17]} 5. Nc3 {[%emt 0:00:20]} a6 {[%emt 0:00:32]} 6. g3 {[%emt 0:00:55]} e5 {[%emt 0:01:15]} 7. Nde2 {[%emt 0:01:08]} Be7 {[%emt 0:01:08]} 8. Bg2 {[%emt 0:00:40]} Be6 {[%emt 0:01:30]} 9. a4 {[%emt 0:03:54]} Nbd7 {[%emt 0:00:56]} 10. O-O {[%emt 0:00:57]} O-O {[%emt 0:00:38]} 11. b3 {[%emt 0:11:54]} b5 {[%emt 0:04:14]} 12. axb5 {[%emt 0:09:47]} axb5 {[%emt 0:00:12]} 13. Rxa8 {[%emt 0:00:27]} Qxa8 {[%emt 0:00:09]} 14. Nxb5 {[%emt 0:01:18]} Nxe4 {[%emt 0:00:56]} 15. Qe1 {[%emt 0:22:52]} Qb8 {[%emt 0:15:28]} 16. Nbd4 {[%emt 0:11:21]} exd4 {[%emt 0:19:30]} 17. Bxe4 {[%emt 0:00:05]} Bh3 {[%emt 0:15:18]} 18. Bg2 {[%emt 0:03:27]} Bxg2 {[%emt 0:00:50]} 19. Kxg2 {[%emt 0:00:04]} Bf6 {[%emt 0:10:57]} 20. Qd2 {[%emt 0:06:44]} Rc8 {[%emt 0:01:02]} 21. Rd1 {[%emt 0:11:04]} Qb7+ {[%emt 0:09:00]} 22. Kg1 {[%emt 0:02:52]} d3 {[%emt 0:10:13]} 23. Qxd3 {[%emt 0:00:50]} Ne5 {[%emt 0:00:12]} 24. Qd5 {[%emt 0:00:31]} Qxd5 {[%emt 0:00:26]} 25. Rxd5 {[%emt 0:00:04]} Rxc2 {[%emt 0:00:12]} 26. Kf1 {[%emt 0:00:13]} Nf3 {[%emt 0:00:37]} 27. h4 {[%emt 0:08:39]} h5 {[%emt 0:02:01]} 28. Rxd6 {[%emt 0:05:54]} Nd4 {[%emt 0:00:57]} 29. Nxd4 {[%emt 0:00:23]} Rxc1+ {[%emt 0:00:07]} 30. Kg2 {[%emt 0:00:53]} Rb1 {[%emt 0:00:17]} 31. Ne2 {[%emt 0:01:51]} 1/2-1/2

[Event "FIDE Chesscom Grand Swiss 2019"]
[Site "Douglas-Isle of Man"]
[Date "2019.10.15"]
[Round "6.31"]
[White "Eljanov, Pavel"]
[Black "Rakhmanov, Aleksandr"]
[Result "1/2-1/2"]
[WhiteElo "2663"]
[BlackElo "2621"]
[Annotator "RC"]
[PlyCount "89"]
[EventDate "2019.10.10"]
[EventType "swiss"]
[EventCountry "GBR"]
[SourceTitle "playchess.com"]
[Source "ChessBase"]
[SourceQuality "1"]
[TimeControl "40/6000+30:20/3000+30:900+30"]

1. d4 {[%emt 0:00:00]} d5 {[%emt 0:00:00]} 2. c4 {[%emt 0:00:00]} e6 {[%emt 0:00:00]} 3. Nc3 {[%emt 0:00:02]} a6 {[%emt 0:00:20]} 4. cxd5 {[%emt 0:00:27]} exd5 {[%emt 0:00:06]} 5. Nf3 {[%emt 0:00:10]} Nf6 {[%emt 0:00:22]} 6. Bg5 {[%emt 0:00:05]} Be6 {[%emt 0:01:12]} 7. e3 {[%emt 0:00:30]} Nbd7 {[%emt 0:00:32]} 8. Bd3 {[%emt 0:00:05]} Bd6 {[%emt 0:00:55]} 9. O-O {[%emt 0:01:46]} c6 {[%emt 0:03:29]} 10. h3 {[%emt 0:02:15]} Qc7 {[%emt 0:03:06]} 11. Qd2 {[%emt 0:00:14]} O-O {[%emt 0:06:33]} 12. Bf4 {[%emt 0:01:49]} Rfe8 {[%emt 0:08:06]} 13. Rfe1 {[%emt 0:00:09]} Nf8 {[%emt 0:21:24]} 14. Bxd6 {[%emt 0:22:18]} Qxd6 {[%emt 0:00:08]} 15. Ne5 {[%emt 0:00:02]} N6d7 {[%emt 0:04:38]} 16. f4 {[%emt 0:00:16]} f6 {[%emt 0:00:30]} 17. Nf3 {[%emt 0:00:07]} Bf7 {[%emt 0:02:55]} 18. a4 {[%emt 0:11:25]} Bg6 {[%emt 0:05:30]} 19. f5 {[%emt 0:00:47]} Bf7 {[%emt 0:00:23]} 20. a5 {[%emt 0:08:05]} c5 {[%emt 0:01:34]} 21. Bc2 {[%emt 0:03:42]} cxd4 {[%emt 0:02:19]} 22. Qxd4 {[%emt 0:05:17]} Ne5 {[%emt 0:06:21]} 23. Nxe5 {[%emt 0:00:49]} fxe5 {[%emt 0:05:28]} 24. Qh4 {[%emt 0:03:52]} Nd7 {[%emt 0:04:25]} 25. Ba4 {[%emt 0:11:54]} Red8 {[%emt 0:09:20]} 26. Bxd7 {[%emt 0:00:26]} Rxd7 {[%emt 0:00:39]} 27. Na4 {[%emt 0:04:48]} Rad8 {[%emt 0:07:47]} 28. Rac1 {[%emt 0:09:48]} Rc7 {[%emt 0:03:24]} 29. Rxc7 {[%emt 0:01:19]} Qxc7 {[%emt 0:00:05]} 30. b4 {[%emt 0:00:06]} Re8 {[%emt 0:10:26]} 31. Qg3 {[%emt 0:11:48]} Qc2 {[%emt 0:01:45]} 32. f6 {[%emt 0:02:21]} Qg6 {[%emt 0:00:05]} 33. Qxg6 {[%emt 0:00:13]} Bxg6 {[%emt 0:00:47]} 34. fxg7 {[%emt 0:00:07]} Kxg7 {[%emt 0:01:01]} 35. Nc5 {[%emt 0:05:19]} Re7 {[%emt 0:00:14]} 36. Rd1 {[%emt 0:01:34]} Bf7 {[%emt 0:00:18]} 37. Kf2 {[%emt 0:02:01]} Kf6 {[%emt 0:00:40]} 38. g4 {[%emt 0:00:19]} h6 {[%emt 0:01:26]} 39. Kg3 {[%emt 0:00:46]} Kg6 {[%emt 0:00:43]} 40. h4 {[%emt 0:00:25]} Kf6 {[%emt 0:00:30]} 41. h5 {[%emt 0:08:35]} Bg8 {[%emt 0:01:11]} 42. Kh4 {[%emt 0:05:39]} Rg7 {[%emt 0:04:41]} 43. Rf1+ {[%emt 0:00:52]} Ke7 {[%emt 0:00:04]} 44. Rf5 {[%emt 0:01:57]} Be6 {[%emt 0:01:13]} 45. Nxe6 {[%emt 0:14:04]} 1/2-1/2

[Event "FIDE Chesscom Grand Swiss 2019"]
[Site "Douglas-Isle of Man"]
[Date "2019.10.15"]
[Round "6.31"]
[White "Ushenina, Anna"]
[Black "Iturrizaga Bonelli, Eduardo"]
[Result "1-0"]
[WhiteElo "2431"]
[BlackElo "2629"]
[Annotator "RC"]
[PlyCount "77"]
[EventDate "2019.10.10"]
[EventType "swiss"]
[EventCountry "GBR"]
[SourceTitle "playchess.com"]
[Source "ChessBase"]
[SourceQuality "1"]
[TimeControl "40/6000+30:20/3000+30:900+30"]

1. d4 {[%emt 0:00:00]} Nf6 {[%emt 0:00:00]} 2. c4 {[%emt 0:00:01]} b6 {[%emt 0:00:38]} 3. Nc3 {[%emt 0:00:20]} Bb7 {[%emt 0:00:04]} 4. Qc2 {[%emt 0:00:26]} d5 {[%emt 0:00:05]} 5. cxd5 {[%emt 0:00:11]} Nxd5 {[%emt 0:00:05]} 6. e4 {[%emt 0:00:43]} Nxc3 {[%emt 0:00:34]} 7. bxc3 {[%emt 0:00:02]} e6 {[%emt 0:03:47]} 8. Nf3 {[%emt 0:06:10]} Be7 {[%emt 0:00:02]} 9. Bb5+ {[%emt 0:09:35]} c6 {[%emt 0:00:07]} 10. Bc4 {[%emt 0:00:18]} c5 {[%emt 0:02:00]} 11. O-O {[%emt 0:09:38]} O-O {[%emt 0:12:29]} 12. Bf4 {[%emt 0:17:30]} Nc6 {[%emt 0:14:42]} 13. Rad1 {[%emt 0:08:22]} Na5 {[%emt 0:18:14]} 14. Bd3 {[%emt 0:01:25]} c4 {[%emt 0:15:29]} 15. Be2 {[%emt 0:00:04]} Rc8 {[%emt 0:00:03]} 16. d5 {[%emt 0:06:39]} exd5 {[%emt 0:01:02]} 17. exd5 {[%emt 0:02:23]} Bf6 {[%emt 0:18:51]} 18. Ne5 {[%emt 0:06:32]} Bxe5 {[%emt 0:16:38]} 19. Bxe5 {[%emt 0:00:07]} Qg5 {[%emt 0:00:05]} 20. Bg3 {[%emt 0:05:12]} Rcd8 {[%emt 0:02:01]} 21. Bf3 {[%emt 0:00:43]} Bc8 {[%emt 0:02:01]} 22. Rd4 {[%emt 0:12:58]} Bf5 {[%emt 0:00:20]} 23. Qd1 {[%emt 0:00:05]} Rd7 {[%emt 0:01:03]} 24. Bh4 {[%emt 0:05:30]} Qg6 {[%emt 0:00:23]} 25. Re1 {[%emt 0:00:11]} Qd6 {[%emt 0:00:26]} 26. Qe2 {[%emt 0:01:46]} Bd3 {[%emt 0:00:06]} 27. Qe3 {[%emt 0:00:15]} f6 {[%emt 0:00:41]} 28. Bg3 {[%emt 0:05:44]} Qa3 {[%emt 0:00:01]} 29. Qe6+ {[%emt 0:00:51]} Rff7 {[%emt 0:00:20]} 30. Qe8+ {[%emt 0:03:57]} Qf8 {[%emt 0:00:03]} 31. d6 {[%emt 0:00:55]} g6 {[%emt 0:00:36]} 32. Bd5 {[%emt 0:00:31]} Kg7 {[%emt 0:00:02]} 33. Bxf7 {[%emt 0:01:12]} Qxf7 {[%emt 0:00:02]} 34. Qxd7 {[%emt 0:04:09]} Qxd7 {[%emt 0:00:07]} 35. Re7+ {[%emt 0:00:02]} Qxe7 {[%emt 0:00:13]} 36. dxe7 {[%emt 0:00:02]} Kf7 {[%emt 0:00:06]} 37. Rd7 {[%emt 0:00:12]} Ke8 {[%emt 0:00:26]} 38. Rc7 {[%emt 0:02:10]} Be4 {[%emt 0:00:22]} 39. Bd6 {[%emt 0:00:12]} 1-0

[Event "FIDE Chesscom Grand Swiss 2019"]
[Site "Douglas-Isle of Man"]
[Date "2019.10.15"]
[Round "6.32"]
[White "Le, Quang Liem"]
[Black "Keymer, Vincent"]
[Result "1-0"]
[WhiteElo "2708"]
[BlackElo "2506"]
[Annotator "RC"]
[PlyCount "129"]
[EventDate "2019.10.10"]
[EventType "swiss"]
[EventCountry "GBR"]
[SourceTitle "playchess.com"]
[Source "ChessBase"]
[SourceQuality "1"]
[TimeControl "40/6000+30:20/3000+30:900+30"]

1. e4 {[%emt 0:00:00]} c5 {[%emt 0:00:00]} 2. Nc3 {[%emt 0:00:00]} a6 {[%emt 0:00:01]} 3. Nge2 {[%emt 0:00:15]} d6 {[%emt 0:00:33]} 4. g3 {[%emt 0:00:15]} Nf6 {[%emt 0:01:40]} 5. Bg2 {[%emt 0:00:12]} Nc6 {[%emt 0:00:57]} 6. O-O {[%emt 0:00:25]} e6 {[%emt 0:01:10]} 7. d4 {[%emt 0:00:48]} cxd4 {[%emt 0:00:22]} 8. Nxd4 {[%emt 0:00:08]} Bd7 {[%emt 0:00:12]} 9. Be3 {[%emt 0:01:15]} Ne5 {[%emt 0:03:23]} 10. h3 {[%emt 0:03:25]} Rc8 {[%emt 0:05:17]} 11. a4 {[%emt 0:01:16]} Be7 {[%emt 0:07:01]} 12. Nde2 {[%emt 0:11:05]} O-O {[%emt 0:08:10]} 13. b3 {[%emt 0:00:39]} Nc6 {[%emt 0:10:04]} 14. g4 {[%emt 0:10:10]} Nb4 {[%emt 0:08:45]} 15. a5 {[%emt 0:03:56]} Bc6 {[%emt 0:11:29]} 16. g5 {[%emt 0:04:49]} Nd7 {[%emt 0:03:30]} 17. f4 {[%emt 0:01:35]} Nc5 {[%emt 0:08:55]} 18. Ng3 {[%emt 0:03:54]} d5 {[%emt 0:05:36]} 19. exd5 {[%emt 0:05:00]} Nxd5 {[%emt 0:00:29]} 20. Nxd5 {[%emt 0:00:10]} Bxd5 {[%emt 0:01:52]} 21. Bxd5 {[%emt 0:01:52]} exd5 {[%emt 0:02:49]} 22. Rf2 {[%emt 0:20:41]} Ne6 {[%emt 0:05:11]} 23. Bb6 {[%emt 0:02:33]} Qd7 {[%emt 0:01:29]} 24. Qg4 {[%emt 0:01:04]} Qc6 {[%emt 0:11:38]} 25. Re1 {[%emt 0:14:20]} Bb4 {[%emt 0:04:20]} 26. Ree2 {[%emt 0:01:14]} Nc5 {[%emt 0:00:49]} 27. f5 {[%emt 0:00:36]} Ne4 {[%emt 0:00:42]} 28. Nxe4 {[%emt 0:01:07]} dxe4 {[%emt 0:00:03]} 29. Rxe4 {[%emt 0:00:51]} Bc5 {[%emt 0:00:55]} 30. Bxc5 {[%emt 0:00:09]} Qxc5 {[%emt 0:00:01]} 31. b4 {[%emt 0:00:38]} Qc3 {[%emt 0:01:02]} 32. f6 {[%emt 0:01:48]} Rfe8 {[%emt 0:02:35]} 33. Re7 {[%emt 0:05:26]} Rxe7 {[%emt 0:01:42]} 34. fxe7 {[%emt 0:00:03]} Re8 {[%emt 0:00:08]} 35. Re2 {[%emt 0:01:00]} Qc7 {[%emt 0:00:03]} 36. Kf1 {[%emt 0:05:23]} Rxe7 {[%emt 0:03:59]} 37. Rxe7 {[%emt 0:00:11]} Qxe7 {[%emt 0:00:02]} 38. Qc8+ {[%emt 0:00:10]} Qf8 {[%emt 0:00:03]} 39. Qxb7 {[%emt 0:00:11]} h6 {[%emt 0:01:06]} 40. gxh6 {[%emt 0:06:10]} Qd6 {[%emt 0:01:12]} 41. Qc8+ {[%emt 0:17:00]} Kh7 {[%emt 0:00:06]} 42. hxg7 {[%emt 0:00:39]} Qf4+ {[%emt 0:11:48]} 43. Kg2 {[%emt 0:00:08]} Qe4+ {[%emt 0:03:54]} 44. Kg3 {[%emt 0:00:07]} Qe3+ {[%emt 0:10:03]} 45. Kg4 {[%emt 0:00:08]} Qe4+ {[%emt 0:06:41]} 46. Kg5 {[%emt 0:00:16]} Kxg7 {[%emt 0:02:35]} 47. Qc3+ {[%emt 0:01:14]} Kg8 {[%emt 0:00:50]} 48. Qg3 {[%emt 0:03:02]} Kg7 {[%emt 0:05:01]} 49. c3 {[%emt 0:02:12]} Kf8 {[%emt 0:04:44]} 50. Qd6+ {[%emt 0:00:46]} Kg8 {[%emt 0:01:12]} 51. Qd4 {[%emt 0:01:12]} Qf3 {[%emt 0:00:45]} 52. Kh4 {[%emt 0:01:06]} Kh7 {[%emt 0:01:24]} 53. Qe5 {[%emt 0:02:42]} Qf2+ {[%emt 0:01:32]} 54. Kg4 {[%emt 0:00:53]} Qg2+ {[%emt 0:00:11]} 55. Qg3 {[%emt 0:01:22]} Qe4+ {[%emt 0:01:06]} 56. Qf4 {[%emt 0:00:17]} Qg2+ {[%emt 0:00:43]} 57. Kh4 {[%emt 0:00:23]} Qg6 {[%emt 0:01:09]} 58. Qf3 {[%emt 0:00:27]} Kh6 {[%emt 0:00:55]} 59. Qf4+ {[%emt 0:00:14]} Kh7 {[%emt 0:00:05]} 60. c4 {[%emt 0:03:15]} Qe6 {[%emt 0:02:17]} 61. c5 {[%emt 0:21:50]} Qe1+ {[%emt 0:16:07]} 62. Kg4 {[%emt 0:01:01]} Qe2+ {[%emt 0:01:31]} 63. Qf3 {[%emt 0:00:54]} f5+ {[%emt 0:01:51]} 64. Kf4 {[%emt 0:00:36]} Qc4+ {[%emt 0:00:32] Ke4} 65. Ke5 {[%emt 0:00:22]} 1-0

[Event "FIDE Chesscom Grand Swiss 2019"]
[Site "Douglas-Isle of Man"]
[Date "2019.10.15"]
[Round "6.32"]
[White "Gonzalez Vidal, Yuri"]
[Black "Bulmaga, Irina"]
[Result "1-0"]
[WhiteElo "2552"]
[BlackElo "2442"]
[Annotator "ChessBase"]
[PlyCount "69"]
[EventDate "2019.10.10"]
[EventType "swiss"]
[EventCountry "GBR"]
[SourceTitle "playchess.com"]
[Source "ChessBase"]
[SourceQuality "1"]
[TimeControl "40/6000+30:20/3000+30:900+30"]

1. e4 {[%emt 0:00:00]} e5 {[%emt 0:00:00]} 2. Nf3 {[%emt 0:00:00]} Nc6 {[%emt 0:00:00]} 3. Bc4 {[%emt 0:01:58]} Bc5 {[%emt 0:00:00]} 4. c3 {[%emt 0:01:53]} Nf6 {[%emt 0:00:09]} 5. d3 {[%emt 0:00:12]} d6 {[%emt 0:00:15]} 6. Bb3 {[%emt 0:02:25]} a6 {[%emt 0:00:56]} 7. h3 {[%emt 0:01:42]} h6 {[%emt 0:00:31]} 8. Nbd2 {[%emt 0:01:10]} Ba7 {[%emt 0:00:23]} 9. Nf1 {[%emt 0:01:47]} d5 {[%emt 0:15:08]} 10. Qe2 {[%emt 0:01:17]} O-O {[%emt 0:09:52]} 11. Ng3 {[%emt 0:12:00]} Re8 {[%emt 0:02:33]} 12. O-O {[%emt 0:03:30]} Be6 {[%emt 0:02:31]} 13. Rd1 {[%emt 0:03:30]} Qc8 {[%emt 0:07:15]} 14. Bc2 {[%emt 0:06:27]} b5 {[%emt 0:10:19]} 15. d4 {[%emt 0:07:29]} exd4 {[%emt 0:20:54]} 16. e5 {[%emt 0:00:38]} Bxh3 {[%emt 0:03:49]} 17. gxh3 {[%emt 0:15:52]} d3 {[%emt 0:03:58]} 18. Qxd3 {[%emt 0:10:15]} Nxe5 {[%emt 0:00:25]} 19. Nxe5 {[%emt 0:00:19]} Rxe5 {[%emt 0:10:57]} 20. Qf1 {[%emt 0:11:18]} Nh5 {[%emt 0:09:54]} 21. Nxh5 {[%emt 0:00:00]} Rxh5 {[%emt 0:00:03]} 22. Rd3 {[%emt 0:00:00]} Qf5 {[%emt 0:03:41]} 23. Bd1 {[%emt 0:00:26]} Rh4 {[%emt 0:03:22]} 24. Rf3 {[%emt 0:01:59]} Qe5 {[%emt 0:02:02]} 25. Bc2 {[%emt 0:05:14]} Re8 {[%emt 0:01:44]} 26. Be3 {[%emt 0:03:35]} c5 {[%emt 0:01:02]} 27. Qg2 {[%emt 0:09:22]} d4 {[%emt 0:01:00]} 28. Rf5 {[%emt 0:02:04]} Qe6 {[%emt 0:00:45]} 29. Bd2 {[%emt 0:01:13]} Bb8 {[%emt 0:00:31]} 30. cxd4 {[%emt 0:02:00]} Qe2 {[%emt 0:00:18]} 31. Qd5 {[%emt 0:01:07]} Rf8 {[%emt 0:00:41]} 32. dxc5 {[%emt 0:01:40]} Rxh3 {[%emt 0:00:27]} 33. Qe4 {[%emt 0:02:18]} Qxd2 {[%emt 0:00:32]} 34. Rd5 {[%emt 0:00:25]} Bh2+ {[%emt 0:00:31]} 35. Kf1 {[%emt 0:00:13]} 1-0

[Event "FIDE Chesscom Grand Swiss 2019"]
[Site "Douglas-Isle of Man"]
[Date "2019.10.15"]
[Round "6.33"]
[White "Alekseev, Evgeny"]
[Black "Shankland, Sam"]
[Result "1/2-1/2"]
[WhiteElo "2629"]
[BlackElo "2705"]
[Annotator "RC"]
[PlyCount "71"]
[EventDate "2019.10.10"]
[EventType "swiss"]
[EventCountry "GBR"]
[SourceTitle "playchess.com"]
[Source "ChessBase"]
[SourceQuality "1"]
[TimeControl "40/6000+30:20/3000+30:900+30"]

1. e4 {[%emt 0:03:15]} e5 {[%emt 0:00:00]} 2. Nf3 {[%emt 0:00:23]} Nc6 {[%emt 0:00:00]} 3. Bb5 {[%emt 0:01:15]} a6 {[%emt 0:00:00]} 4. Ba4 {[%emt 0:00:13]} Nf6 {[%emt 0:00:01]} 5. d3 {[%emt 0:02:38]} Bc5 {[%emt 0:00:34]} 6. c3 {[%emt 0:01:05]} b5 {[%emt 0:00:25]} 7. Bc2 {[%emt 0:05:17]} d5 {[%emt 0:00:16]} 8. O-O {[%emt 0:18:27]} O-O {[%emt 0:04:23]} 9. Nbd2 {[%emt 0:05:17]} Be6 {[%emt 0:01:32]} 10. h3 {[%emt 0:01:39]} dxe4 {[%emt 0:11:36]} 11. dxe4 {[%emt 0:02:07]} Bb6 {[%emt 0:05:27]} 12. Re1 {[%emt 0:03:34]} Nh5 {[%emt 0:06:42]} 13. Nf1 {[%emt 0:03:46]} Qf6 {[%emt 0:14:31]} 14. Ne3 {[%emt 0:06:14]} Rad8 {[%emt 0:02:51]} 15. Nd5 {[%emt 0:08:37]} Qg6 {[%emt 0:00:44]} 16. Kf1 {[%emt 0:04:29]} f5 {[%emt 0:11:09]} 17. Qe2 {[%emt 0:02:27]} Rxd5 {[%emt 0:03:02]} 18. exd5 {[%emt 0:00:38]} Bxd5 {[%emt 0:00:03]} 19. Rd1 {[%emt 0:07:53]} Bc4 {[%emt 0:09:57]} 20. Bb3 {[%emt 0:00:46]} Bxb3 {[%emt 0:01:07]} 21. axb3 {[%emt 0:00:06]} e4 {[%emt 0:02:22]} 22. Nh4 {[%emt 0:04:41]} Qe8 {[%emt 0:09:04]} 23. Rxa6 {[%emt 0:06:23]} Ne5 {[%emt 0:02:36]} 24. Be3 {[%emt 0:03:37]} Nd3 {[%emt 0:03:26]} 25. Bxb6 {[%emt 0:08:48]} Nhf4 {[%emt 0:03:41]} 26. Qe3 {[%emt 0:00:14]} cxb6 {[%emt 0:03:05]} 27. Rda1 {[%emt 0:00:55]} Qh5 {[%emt 0:03:23]} 28. g3 {[%emt 0:00:10]} g5 {[%emt 0:05:11]} 29. Ra8 {[%emt 0:02:00]} Rxa8 {[%emt 0:00:13]} 30. Rxa8+ {[%emt 0:00:04]} Kf7 {[%emt 0:00:04]} 31. Ra7+ {[%emt 0:01:09]} Kg8 {[%emt 0:02:30]} 32. gxf4 {[%emt 0:04:20]} Qd1+ {[%emt 0:00:42]} 33. Kg2 {[%emt 0:00:01]} gxh4 {[%emt 0:00:55]} 34. Ra8+ {[%emt 0:00:24]} Kf7 {[%emt 0:00:07]} 35. Ra7+ {[%emt 0:00:05]} Kg8 {[%emt 0:01:05]} 36. Ra8+ {[%emt 0:00:07]} 1/2-1/2